书目信息 |
| 题名: |
理工科大学生人文社会科学知识2000题
|
|
| 作者: | 程建军 , 王月清 , 金彩霞 主编 | |
| 分册: | ||
| 出版信息: | 南京 南京大学出版社 2006 |
|
| 页数: | 221页 | |
| 开本: | 26cm | |
| 丛书名: | ||
| 单 册: | ||
| 中图分类: | C44 | |
| 科图分类: | ||
| 主题词: | 理科(教育)--社会科学--高等学校--试题 , 工科(教育)--社会科学--高等学校--试题 , 理科(教育) , 社会科学 , 工科(教育) | |
| 电子资源: | ||
| ISBN: | 7-305-04909-3 | |
| 000 | 01030nam0 2200289 450 | |
| 001 | 1261655923 | |
| 005 | 20121002170814.56 | |
| 010 | @a7-305-04909-3@dCNY24.00 | |
| 100 | @a20070110d2006 em y0chiy50 ea | |
| 101 | 0 | @achi |
| 102 | @aCN@b320000 | |
| 105 | @ay q 000yy | |
| 200 | 1 | @a理工科大学生人文社会科学知识2000题@Ali gong ke da xue sheng ren wen she hui ke xue zhi shi 2000 ti@f程建军,王月清,金彩霞主编 |
| 210 | @a南京@c南京大学出版社@d2006 | |
| 215 | @a221页@d26cm | |
| 330 | @a本书收录了十套理工科大学生人文社会科学知识,并附有参考答案,以便大学生学习文学、历史、哲学、音乐等方面知识。 | |
| 606 | 0 | @a理科(教育)@x社会科学@x高等学校@x试题 |
| 606 | 0 | @a工科(教育)@x社会科学@x高等学校@x试题 |
| 606 | 0 | @a理科(教育) |
| 606 | 0 | @a社会科学 |
| 606 | 0 | @a工科(教育) |
| 690 | @aC44@v4 | |
| 701 | 0 | @a程建军@Acheng jian jun@f(1956.11~)@4主编 |
| 701 | 0 | @a王月清@Awang yue qing@f(1966.10~)@4主编 |
| 701 | 0 | @a金彩霞@Ajin cai xia@c(人文科学)@4主编 |
| 801 | 0 | @aCN@bNLC@c20101222 |
| 905 | @a10447@dC44@eJY87 | |
| 理工科大学生人文社会科学知识2000题/程建军,王月清,金彩霞主编.-南京:南京大学出版社,2006 |
| 221页;26cm |
| ISBN 7-305-04909-3:CNY24.00 |
| 本书收录了十套理工科大学生人文社会科学知识,并附有参考答案,以便大学生学习文学、历史、哲学、音乐等方面知识。 |
| ● |
| 相关链接 |
|
|
|
|
正题名:理工科大学生人文社会科学知识2000题
索取号:C44/JY87
 
预约/预借
| 序号 | 登录号 | 条形码 | 馆藏地/架位号 | 状态 | 备注 |
| 1 | 7810177 | 278101778 | 学院路分馆/ [索取号:C44/JY87] | 在馆 | |
| 2 | 7810178 | 278101787 | 学院路分馆/ [索取号:C44/JY87] | 在馆 |